000 00708nam a2200241 i 4500
001 000035175
003 DO-SdBNP
005 20240612145832.0
007 ta
008 111025s1973 dr 000 0 spa d
040 _aDO-SdBNP
_bspa
_cBNPHU
_erda
082 _222
_bF825
100 1 _aFranco, Franklin J.,
_d1936-
_934417
_eautor
245 1 0 _aVida, pasión y muerte del PCD /
_cFranklin Franco Pichardo.
264 1 _a[Santo Domingo] :
_bEditora Nacional,
_c[1973].
300 _a78 páginas
_c21 cm.
336 _2rdacontent
_atexto
_btxt
337 _2rdamedia
_asin mediación
_bn
338 _2rdacarrier
_avolumen
_bnc
590 _aInventariado, 2024/ YL
910 _aYLockward
942 _2ddc
_cLBS1
999 _c34666
_d34666